Score 0/95 Timer 01:30
0 Plays Today
Words to Type... Here! % Correct
YourYour
98.7%
RememberRemember
98.7%
wordword
96.7%
toto
96%
YourYour
96%
servant,servant,
96%
forfor
95.3%
YouYou
95.3%
havehave
95.3%
givengiven
95.3%
meme
95.3%
hope.hope.
95.3%
MyMy
94%
comfortcomfort
94%
inin
92.7%
mymy
92.7%
sufferingsuffering
92%
isis
92%
this:this:
92%
YourYour
92%
promisepromise
92%
butbut
91.3%
mymy
91.3%
life.life.
91.3%
TheThe
91.3%
mockmock
91.3%
meme
91.3%
II
91.3%
dodo
91.3%
notnot
91.3%
preservespreserves
90.7%
arrogantarrogant
90.7%
Words to Type... Here! % Correct
turnturn
90.7%
fromfrom
90.7%
YourYour
90.7%
law.law.
90.7%
II
90.7%
unmercifully,unmercifully,
90%
Lord,Lord,
90%
remember,remember,
89.3%
YourYour
89.3%
laws,laws,
88.7%
andand
88.7%
II
88.7%
findfind
88.7%
inin
88.7%
ancientancient
88%
comfortcomfort
88%
them.them.
88%
gripsgrips
88%
IndignationIndignation
87.3%
meme
87.3%
ofof
87.3%
thethe
87.3%
becausebecause
86.7%
whowho
86.7%
havehave
86.7%
YourYour
86.7%
law.law.
86.7%
wicked,wicked,
86%
forsakenforsaken
86%
YourYour
86%
areare
84.7%
thethe
84.7%
Words to Type... Here! % Correct
decreesdecrees
84%
themetheme
84%
ofof
84%
mymy
83.3%
songsong
82.7%
whereverwherever
78.7%
II
78%
lodge.lodge.
77.3%
InIn
77.3%
thethe
76.7%
night,night,
76%
Lord,Lord,
74%
II
73.3%
YourYour
73.3%
rememberremember
72.7%
name,name,
72%
thatthat
70.7%
II
70.7%
maymay
70%
keepkeep
69.3%
YourYour
68%
law.law.
68%
ThisThis
67.3%
hashas
65.3%
beenbeen
64.7%
mymy
64%
II
63.3%
practice:practice:
62%
obeyobey
62%
YourYour
61.3%
precepts.precepts.
57.3%
Remove Ads.
Support Sporcle.
Get the best of Sporcle when you Go Orange. This ad-free experience offers more features, more stats, and more fun while also helping to support Sporcle. Thank you for becoming a member.

You're not logged in!

Compare scores with friends on all Sporcle quizzes.
OR
Log In

Show Comments

Extras

Top Quizzes Today


Score Distribution

Your Account Isn't Verified!

In order to create a playlist on Sporcle, you need to verify the email address you used during registration. Go to your Sporcle Settings to finish the process.

Report this User

Report this user for behavior that violates our Community Guidelines.

Details: